|
|
|
|
| LEADER |
00000nam0a2200000 4500 |
| 001 |
372076 |
| 005 |
20231102012437.0 |
| 035 |
|
|
|a (RuTPU)RU\TPU\retro\29493
|
| 035 |
|
|
|a RU\TPU\book\76094
|
| 090 |
|
|
|a 372076
|
| 100 |
|
|
|a 20221214d1986 k y0rusy50 ca
|
| 101 |
0 |
|
|a rus
|
| 102 |
|
|
|a RU
|
| 105 |
|
|
|a a z 001zy
|
| 200 |
1 |
|
|a Формирование и развитие единой информационно-библиотечной системы Сибири
|e тематический сборник научных трудов
|f ГПНТБ СО АН ; Под ред. А. Н. Масловой
|
| 210 |
|
|
|a Новосибирск
|c Изд-во ГПНТБ СО АН СССР
|d 1986
|
| 215 |
|
|
|a 162 с.
|c ил.
|
| 320 |
|
|
|a Библиогр. в конце статей
|
| 606 |
1 |
|
|a Информационно-библиографическая работа библиотек
|2 stltpush
|3 (RuTPU)RU\TPU\subj\68366
|9 83752
|
| 610 |
1 |
|
|a информационно-библиографические ресурсы
|
| 610 |
1 |
|
|a информационно-библиографическая система
|
| 610 |
1 |
|
|a Сибирь
|
| 610 |
1 |
|
|a Дальний Восток
|
| 610 |
1 |
|
|a исследования
|
| 610 |
1 |
|
|a сборники
|
| 686 |
|
|
|a Ч735.27
|v LBC/SL-A
|2 rubbk
|
| 702 |
|
1 |
|a Маслова
|b А. Н.
|4 340
|
| 712 |
0 |
2 |
|a ГПНТБ СО АН
|2 stltpush
|3 (RuTPU)RU\TPU\col\25
|
| 801 |
|
1 |
|a RU
|b 63413507
|c 20041217
|g PSBO
|
| 801 |
|
2 |
|a RU
|b 63413507
|c 20221214
|g PSBO
|
| 942 |
|
|
|c BK
|